LEADER 04288nam 2200769Ia 450 001 9910456729603321 005 20200520144314.0 010 $a1-282-46325-X 010 $a1-282-93580-1 010 $a9786612935800 010 $a9786612463259 010 $a1-4008-3155-5 024 7 $a10.1515/9781400831555 035 $a(CKB)2520000000007014 035 $a(EBL)537666 035 $a(OCoLC)638860574 035 $a(SSID)ssj0000430805 035 $a(PQKBManifestationID)11280529 035 $a(PQKBTitleCode)TC0000430805 035 $a(PQKBWorkID)10456609 035 $a(PQKB)10041362 035 $a(MiAaPQ)EBC537666 035 $a(OCoLC)647843240 035 $a(MdBmJHUP)muse43072 035 $a(DE-B1597)453693 035 $a(OCoLC)979835224 035 $a(DE-B1597)9781400831555 035 $a(MiAaPQ)EBC4968562 035 $a(Au-PeEL)EBL537666 035 $a(CaPaEBR)ebr10359244 035 $a(CaONFJC)MIL293580 035 $a(Au-PeEL)EBL4968562 035 $a(CaONFJC)MIL246325 035 $a(OCoLC)1027204694 035 $a(EXLCZ)992520000000007014 100 $a20090310d2010 uy 0 101 0 $aeng 135 $aur|n|---||||| 181 $ctxt 182 $cc 183 $acr 200 10$aWar at a distance$b[electronic resource] $eromanticism and the making of modern wartime /$fMary A. Favret 205 $aCourse Book 210 $aPrinceton $cPrinceton University Press$dc2010 215 $a1 online resource (273 p.) 300 $aDescription based upon print version of record. 311 $a0-691-14276-9 311 $a0-691-14407-9 320 $aIncludes bibliographical references and index. 327 $tFrontmatter -- $tContents -- $tList of Illustrations -- $tPrelude. A Winter's Evening -- $tPART I. Modern Wartime: Media and Affect -- $tChapter One. Introduction: A Sense of War -- $tChapter Two. Telling Time in War -- $tInterlude. Still Winter Falls -- $tPA RT II. Invasions -- $tChapter Three. War in the Air -- $tChapter Four. Everyday War -- $tInterlude. A Brief History of the Meaning of War -- $tPART III. War in the World -- $tChapter Five. Viewing War at a Distance -- $tCoda. Undone -- $tAcknowledgments -- $tBibliography -- $tIndex 330 $aWhat does it mean to live during wartime away from the battle zone? What is it like for citizens to go about daily routines while their country sends soldiers to kill and be killed across the globe? Timely and thought-provoking, War at a Distance considers how those left on the home front register wars and wartime in their everyday lives, particularly when military conflict remains removed from immediate perception, available only through media forms. Looking back over two centuries, Mary Favret locates the origins of modern wartime in the Napoleonic era and describes how global military operations affected the British populace, as the nation's army and navy waged battles far from home for decades. She reveals that the literature and art produced in Britain during the late eighteenth and early nineteenth centuries obsessively cultivated means for feeling as much as understanding such wars, and established forms still relevant today. Favret examines wartime literature and art as varied as meditations on the Iliad, the history of meteorology, landscape painting in India, and popular poetry in newspapers and periodicals; she locates the embedded sense of war and dislocation in works ranging from Austen, Coleridge, and Wordsworth to Woolf, Stevens, and Sebald; and she contemplates how literature provides the public with methods for responding to violent calamities happening elsewhere. Bringing to light Romanticism's legacy in reflections on modern warfare, this book shows that war's absent presence affects home in deep and irrevocable ways. 606 $aWar and literature 606 $aWar and society 606 $aRomanticism 608 $aElectronic books. 615 0$aWar and literature. 615 0$aWar and society. 615 0$aRomanticism. 676 $a809/.933581 700 $aFavret$b Mary A$01042295 801 0$bMiAaPQ 801 1$bMiAaPQ 801 2$bMiAaPQ 906 $aBOOK 912 $a9910456729603321 996 $aWar at a distance$92466422 997 $aUNINA LEADER 05434nam 2200673 450 001 9910146130203321 005 20220601181213.0 010 $a1-282-17154-2 010 $a9786612171543 010 $a1-4443-0451-8 010 $a1-4443-0452-6 035 $a(CKB)1000000000719733 035 $a(EBL)427996 035 $a(OCoLC)437111568 035 $a(SSID)ssj0000671262 035 $a(PQKBManifestationID)11432482 035 $a(PQKBTitleCode)TC0000671262 035 $a(PQKBWorkID)10613847 035 $a(PQKB)11383644 035 $a(MiAaPQ)EBC427996 035 $a(EXLCZ)991000000000719733 100 $a20160804h19901990 uy 0 101 0 $aeng 135 $aur|n|---||||| 181 $ctxt 182 $cc 183 $acr 200 00$aCarbonate diagenesis /$fedited by Maurice E. Tucker and Robin G.C. Bathurst 210 1$aOxford, [England] :$cBlackwell Scientific Publications,$d1990. 210 4$dİ1990 215 $a1 online resource (322 p.) 225 1 $aReprint series Volume 1 of the International Association of Sedimentologists ;$vVolume 1 300 $aDescription based upon print version of record. 311 $a0-632-02938-2 320 $aIncludes bibliographical references and index. 327 $aCarbonate Diagenesis; Contents; Preface; Introduction to Carbonate Diagenesis; Marine Diagenesis: Modern and Ancient; Submarine lithification of Holocene carbonate sediments in the Persian Gulf; A review of the origin and setting of tepees and their associated fabrics [abstract only, plus Figs. 9 and 10]; Microbial alteration of Bahamian deep-sea carbonates [abstract only, plus Figs. 11, 12 and 13]; Holocene intertidal calcium carbonate cementation. Qatar, Persian Gulf [abstract only, plus Plates I A-F, V C and D] 327 $aThe seaward margin of Belize Barrier and atoll reefs [pages 14, 62-64, 111-123, 178-183, and Figs. 1-2, 1-4 and 3-2, plus references]Growth and submarine fossilization of algal cup reefs, Bermuda [abstract only, plus Figs. 21A and 21B]; Methane-derived high-Mg calcite submarine cement in Holocene nodules from the Fraser Delta, British Columbia, Canada [abstract only, plus Figs. 3A and 3C, 4A-D]; Syn-sedimentary marine lithification of Middle Jurassic limestones in the Paris Basin; Isotopic and trace element evidence for submarine lithification of hardgrounds in the Jurassic of eastern England 327 $aSedimentary folds and the development of limestone in an early Ordovician Sea [abstract only, plus Figs. 9, 15]Botryoidal aragonite and its diagenesis; Magnesian calcite cements and their diagenesis: dissolution and dolomitization, Mururoa Atoll [abstract only, plus Figs. 2, 4, 8 and 9]; Early void-filling cementation in Devonian fore-reef limestones (Germany); Radiaxial fibrous calcite: a replacement after acicular carbonate [abstract only, plus Figs. 4, 7A]; Meteoric Diagenesis; Phreatic versus vadose meteoric diagenesis of limestones: evidence from a fossil water table 327 $aIsotope signatures associated with early meteoric diagenesisContrasting diagenesis of two Carboniferous oolites from South Wales: a tale of climatic influence [abstract only, plus Figs. 3, 4, 9, 19]; Syntaxial overgrowths in muddy crinoidal limestones: cathodoluminescence sheds new light on an old problem [abstract only, plus Figs. 2, 7]; The development of overgrowths from echinoderm fragments [abstract only, plus Fig. 3]; Diagenesis in the Burial Environment; Carbonate cements: their regional distribution and interpretation in Mississippian limestones of southwestern New Mexico 327 $aChanges in carbon and oxygen isotope composition during limestone diagenesisThe strontium isotopic composition and origin of burial cements in the Lincolnshire Limestone (Bajocian) of central Lincolnshire, England [abstract only, plus Figs. 3 and 4]; Aragonite relic preservation in Jurassic calcitereplaced bivalves; Evolution of pore space in the Poza Rica trend (Mid-Cretaceous), Mexico [abstract only, plus Fig. 29]; Ferroan calcite replacement indicates former magnesian calcite skeletons [abstract only] 327 $aNew interpretations of Great Salt Lake ooids and of ancient non-skeletal carbonate mineralogy [abstract only, plus Figs. 16 and 17] 330 $aOver the years, many papers on carbonate diagenesis have been published in Sedimentology, the journal of the International Association of Sedimentologists. This volume presents a collection of these papers with a commentary. The emphasis of the book is on the diagenesis of shallow-marine carbonate sediments and the editors have chosen 12 papers which are reproduced in full. To widen the scope of this volume the abstracts for another 16 papers are presented. These provide further examples of diagenetic studies and help to extend the coverage of the book. The reprints and abstracts are di 410 0$aReprint series ... of the International Association of Sedimentologists ;$vVolume 1. 606 $aCarbonate rocks 606 $aDiagenesis 608 $aElectronic books. 615 0$aCarbonate rocks. 615 0$aDiagenesis. 676 $a552.58 676 $a552/.58 702 $aTucker$b Maurice E. 702 $aBathurst$b Robin G. C. 801 0$bMiAaPQ 801 1$bMiAaPQ 801 2$bMiAaPQ 906 $aBOOK 912 $a9910146130203321 996 $aCarbonate diagenesis$92848766 997 $aUNINA LEADER 00740nam0-2200253 --450 001 9910776899003321 005 20240125123813.0 100 $a20240123d1858----kmuy0itay5050 ba 101 0 $aeng 102 $aAU 105 $aa 001yy 200 1 $a<>smuts of Australia$etheir structure, life history, treatment, and classification$fD. McAlpine 210 $aMelburne$cKemp Government printer$d1858 215 $a288 p.$cill.$d24 cm 610 0 $aSpore 676 $a571.847$v19$zta 700 0$aMcAlpine,$bDaniel$01509620 801 0$aIT$bUNINA$gREICAT$2UNIMARC 901 $aBK 912 $a9910776899003321 952 $aA PAT 814$b596/2024$fFAGBC 959 $aFAGBC 996 $aSmuts of Australia$93741627 997 $aUNINA